Statistiken für Sechsergruppen Quiz

Klicken Sie hier um das Quiz zu spielen!

Allgemein

  • Dieses Quiz wurde 141 mal gespielt
  • Das Durchschnittsergebnis liegt bei 28 aus 54

Antwortstatistiken

Gruppe Antwort % Korrekt
SchachfigurenKönig
98%
SchachfigurenTurm
97%
SchachfigurenDame
97%
SchachfigurenBauer
96%
SchachfigurenSpringer
96%
Gründungsmitglieder der EUFrankreich
95%
Größte europäische FluggesellschaftenLufthansa
95%
Gründungsmitglieder der EUNiederlande
94%
Gründungsmitglieder der EUDeutschland
93%
Gründungsmitglieder der EUBelgien
91%
SchachfigurenLäufer
89%
Gründungsmitglieder der EUItalien
89%
Größte KatzenartenLöwe
87%
Größte KatzenartenTiger
87%
Gründungsmitglieder der EULuxemburg
85%
Größte KatzenartenLeopard
83%
Größte KatzenartenGepard
76%
Größte KatzenartenPuma
72%
Größte KatzenartenJaguar
63%
Größte europäische FluggesellschaftenAir France / KLM
63%
Größte europäische FluggesellschaftenBritish Airways / Iberia
59%
NeuenglandstaatenMaine
53%
NeuenglandstaatenVermont
52%
NeuenglandstaatenRhode Island
51%
Village People CharaktereIndianer
50%
Größte europäische FluggesellschaftenRyanair
49%
Original-Six-Teams (NHL)New York Rangers
49%
NeuenglandstaatenMassachusetts
46%
Village People CharaktereBauarbeiter
46%
NeuenglandstaatenNew Hampshire
43%
Village People CharakterePolizist
41%
NeuenglandstaatenConnecticut
39%
Village People CharaktereCowboy
35%
Friends-CharakterePhoebe
33%
Batman-Schauspieler (Film)George Clooney
31%
Batman-Schauspieler (Film)Christian Bale
30%
Original-Six-Teams (NHL)Boston Bruins
30%
Friends-CharaktereChandler
28%
Original-Six-Teams (NHL)Chicago Blackhawks
28%
Friends-CharaktereRoss
27%
Friends-CharaktereMonica
26%
Friends-CharaktereJoey
25%
Friends-CharaktereRachel
25%
Batman-Schauspieler (Film)Ben Affleck
25%
Batman-Schauspieler (Film)Adam West
22%
Original-Six-Teams (NHL)Toronto Maple Leafs
22%
Größte europäische FluggesellschaftenTurkish Airlines
21%
Original-Six-Teams (NHL)Detroit Red Wings
20%
Original-Six-Teams (NHL)Montreal Canadiens
19%
Größte europäische FluggesellschafteneasyJet
19%
Batman-Schauspieler (Film)Michael Keaton
16%
Village People CharaktereSoldat
15%
Batman-Schauspieler (Film)Val Kilmer
14%
Village People CharaktereRocker
11%

Verteilung der Resultate

Perzentil nach korrekt beantworteten Fragen

Anzahl Personen mit jedem Resultat

Ihre Resultats-Entwicklung

Sie haben dieses Quiz noch nicht gespielt